Вып. 11; Минувшее; Воспоминания; Наша семья в пору лихолетия 1914-1922 годов; Высылка из РСФСР; Аскетизм и иерархия; Кризис современной культуры; К истории создания "Вех"; Из писем к родным (1927-1941); Письма М. И. Цветаевой к П. И. Юркевичу; Последняя встреча с Есениным; Цель в жизни - мыслить и страдать; Дневниковые записи Даниила Хармса
| Parent link: | Минувшее: исторический альманах. Вып. 11.— , 1990-1998.— 5-01-003529-4 |
|---|---|
| Jazyk: | ruština |
| Vydáno: |
1992
|
| TOC: | А. А. Корнилов, Воспоминания; Б. Н. Лосский, Наша семья в пору лихолетия 1914-1922 годов; В. А. Рещикова, Высылка из РСФСР; Л. П. Карсавин, Аскетизм и иерархия; М. О. Гершензон, Кризис современной культуры; сост. В. Проскурина, В. Аллой, К истории создания "Вех"; С. А. Аскольдов, Из писем к родным (1927-1941); сост. Е. И. Лубянникова, Л. А. Мнухина, Письма М. И. Цветаевой к П. И. Юркевичу; А. И. Тарасов-Родионов, Последняя встреча с Есениным; сост. Л. И. Володарская, Цель в жизни - мыслить и страдать; сост. А. Устинов, А. Кобринский, Дневниковые записи Даниила Хармса; |
| Témata: | |
| Médium: | Kniha |
| KOHA link: | https://koha.lib.tpu.ru/cgi-bin/koha/opac-detail.pl?biblionumber=15973 |
MARC
| LEADER | 00000nam2a2200000 4500 | ||
|---|---|---|---|
| 001 | 15973 | ||
| 005 | 20241126063147.0 | ||
| 010 | |a 5850420126 | ||
| 035 | |a (RuTPU)RU\TPU\book\16091 | ||
| 035 | |a BOOK00000779 | ||
| 090 | |a 15973 | ||
| 100 | |a 20011209e1992 km y0rusy50 ca | ||
| 101 | 0 | |a rus | |
| 102 | |a RU | ||
| 105 | |a y z 001zd | ||
| 200 | 0 | |a Вып. 11 | |
| 210 | |d 1992 | ||
| 215 | |a 607 с. | ||
| 320 | |a Библиогр. в примеч. | ||
| 320 | |a Указ. имен: с. 584-605. | ||
| 320 | |a Аннотир. указ.: с. 606-607. | ||
| 461 | 1 | |0 (RuTPU)RU\TPU\book\34859 |y 5-01-003529-4 |y 5-85042-001-0 |t Минувшее |o исторический альманах |v Вып. 11 |d 1990-1998 | |
| 464 | |t Воспоминания |o фрагмент |f А. А. Корнилов | ||
| 464 | |t Наша семья в пору лихолетия 1914-1922 годов |o продолжение следует |f Б. Н. Лосский | ||
| 464 | |t Высылка из РСФСР |f В. А. Рещикова | ||
| 464 | |t Аскетизм и иерархия |f Л. П. Карсавин | ||
| 464 | |t Кризис современной культуры |f М. О. Гершензон | ||
| 464 | |t К истории создания "Вех" |f сост. В. Проскурина, В. Аллой | ||
| 464 | |t Из писем к родным (1927-1941) |o фрагменты |f С. А. Аскольдов | ||
| 464 | |t Письма М. И. Цветаевой к П. И. Юркевичу |f сост. Е. И. Лубянникова, Л. А. Мнухина | ||
| 464 | |t Последняя встреча с Есениным |f А. И. Тарасов-Родионов | ||
| 464 | |t Цель в жизни - мыслить и страдать |f сост. Л. И. Володарская | ||
| 464 | |t Дневниковые записи Даниила Хармса |o фрагменты |f сост. А. Устинов, А. Кобринский | ||
| 600 | 1 | |a Корнилов |b А. А. |c русский историк |c основатель конституционно-демократической партии |f 1862-1925 |g Александр Александрович |2 stltpush |3 (RuTPU)RU\TPU\pers\14824 |9 5001 | |
| 600 | 1 | |a Аскольдов |b С. А. |c русский философ |f 1870-1945 |g Сергей Алексеевич |2 stltpush |3 (RuTPU)RU\TPU\pers\14280 |9 4709 | |
| 600 | 1 | |a Есенин |b С. А. |c русский поэт |f 1895-1925 |g Сергей Александрович |2 stltpush |3 (RuTPU)RU\TPU\pers\169 |9 91 | |
| 606 | |a Россия |x История |7 ca |8 rus |9 81526 | ||
| 610 | 1 | |a культура | |
| 610 | 1 | |a СССР | |
| 610 | 1 | |a источники исторические | |
| 610 | 1 | |a архивы исторические | |
| 610 | 1 | |a 20 век |a альманахи | |
| 610 | 1 | |a русская советская литература | |
| 610 | 1 | |a русская философия | |
| 610 | 1 | |a литературоведение | |
| 610 | 1 | |a персоналии | |
| 686 | |a Т3(2) |2 rubbk | ||
| 801 | 0 | |a RU |b 63413507 |c 20011209 |g PSBO | |
| 801 | 2 | |a RU |b 63413507 |c 20120830 |g PSBO | |
| 942 | |c BK | ||